000
00268nam a2200109Ia 4500
008
190802s9999 xx 000 0 und d
100
_a
William G.Zikmand
245
0
_a
Business Research Methods
260
_a
India
_b
McGraw Hill
_c
2016
300
_a
670:p
942
_c
BK
999
_c
2146
_d
2146